00546cam a22002171 4500001001300000003000400013005001700017008004100034010001700075035002000092040001800112042001200130050001600142100002700158245003600185260001100221300001900232500004300251650001700294999001700311sa 63004345 DLC20260227111948.0891010s1962 ii 000 0 urdo  asa 63004345  a(OCoLC)20462016 aDLCcWaUdDLC apremarc00aPK2184b.C31 aCān̐damohammada, S.10aĀdhunika Urdū śāyarī. c[1962] a120 p.c19 cm. aIn Urdu, in Devanāgarī characters. 0aUrdu poetry. c55603d55603